[Event "Olomouc 2005, IM C - Agentura 64 Cup"]
[Site "?"]
[Date "2005.??.??"]
[Round "1.2"]
[White "Aliev, Kerim"]
[Black "Jurcik, Marian"]
[Result "1/2-1/2"]
[WhiteElo "2325"]
[BlackElo "2342"]
[PlyCount "46"]
[EventDate "2005.08.03"]

1. d4 Nf6 2. c4 g6 3. Nc3 Bg7 4. e4 d6 5. g3 O-O 6. Bg2 c6 7. Nge2 a6 8. O-O b5
9. cxb5 axb5 10. b4 Nfd7 11. Bg5 h6 12. Be3 Ba6 13. Rb1 e6 14. f4 d5 15. f5
gxf5 16. exf5 e5 17. dxe5 Nxe5 18. Bd4 Nbd7 19. Nf4 Nc4 20. Bxg7 Kxg7 21. Nh5+
Kh7 22. f6 Nde5 23. Qc2+ Ng6 1/2-1/2

[Event "Olomouc 2005, IM C - Agentura 64 Cup"]
[Site "?"]
[Date "2005.??.??"]
[Round "1.3"]
[White "Chytilek, Roman"]
[Black "Groetz, Harald"]
[Result "1/2-1/2"]
[WhiteElo "2415"]
[BlackElo "2303"]
[PlyCount "30"]
[EventDate "2005.08.03"]

1. e4 e5 2. Nf3 Nc6 3. Bb5 a6 4. Ba4 Nf6 5. O-O Be7 6. Re1 b5 7. Bb3 d6 8. c3
O-O 9. h3 Na5 10. Bc2 c5 11. d4 cxd4 12. cxd4 Bb7 13. d5 Rc8 14. b3 Qc7 15. Bd3
Nh5 1/2-1/2

[Event "Olomouc 2005, IM C - Agentura 64 Cup"]
[Site "?"]
[Date "2005.??.??"]
[Round "1.5"]
[White "Pitl, Gregory"]
[Black "Abdul, Majeed Mohamad"]
[Result "1-0"]
[WhiteElo "2332"]
[BlackElo "2318"]
[PlyCount "73"]
[EventDate "2005.08.03"]

1. e4 e6 2. d4 d5 3. Nd2 c5 4. Ngf3 Nf6 5. exd5 exd5 6. Bb5+ Bd7 7. Bxd7+ Nbxd7
8. O-O Be7 9. dxc5 Nxc5 10. Nb3 Nce4 11. Nfd4 Qd7 12. f3 Nd6 13. Nc5 Qc7 14.
Nd3 O-O 15. b3 Rfe8 16. Kh1 Qb6 17. Be3 Bf8 18. Bf2 Qc7 19. a4 a6 20. Qd2 g6
21. Bh4 Nh5 22. g4 Bg7 23. c3 Bf6 24. Bf2 Ng7 25. Nb4 Qa5 26. Rad1 Rac8 27. Bg3
Qc5 28. Ne2 d4 29. cxd4 Qb6 30. Nd5 Qd8 31. Nxf6+ Qxf6 32. Nf4 Red8 33. Qd3 Qg5
34. Rfe1 h5 35. Re5 Qh6 36. g5 Qh7 37. Nd5 1-0

[Event "Olomouc 2005, IM C - Agentura 64 Cup"]
[Site "?"]
[Date "2005.??.??"]
[Round "1.6"]
[White "Nadig, Kruttika"]
[Black "Rojicek, Vojtech"]
[Result "1-0"]
[WhiteElo "2198"]
[BlackElo "2153"]
[PlyCount "41"]
[EventDate "2005.08.03"]

1. e4 c5 2. Nf3 d6 3. d4 cxd4 4. Nxd4 Nf6 5. Nc3 g6 6. Be3 Bg7 7. f3 O-O 8. Bc4
Nc6 9. Qd2 Bd7 10. O-O-O Rc8 11. Bb3 Ne5 12. Kb1 Re8 13. g4 b5 14. h4 b4 15.
Nce2 a5 16. Bh6 Bh8 17. h5 e6 18. hxg6 hxg6 19. Bf8 Kxf8 20. Rxh8+ Ke7 21. Nf5+
1-0

[Event "Olomouc 2005, IM C - Agentura 64 Cup"]
[Site "?"]
[Date "2005.??.??"]
[Round "2.1"]
[White "Tibensky, Robert"]
[Black "Rojicek, Vojtech"]
[Result "1-0"]
[WhiteElo "2444"]
[BlackElo "2153"]
[PlyCount "83"]
[EventDate "2005.08.03"]

1. d4 Nf6 2. Nf3 g6 3. c4 Bg7 4. g3 O-O 5. Bg2 d6 6. O-O Nbd7 7. Nc3 e5 8. e4
exd4 9. Nxd4 Nc5 10. h3 Re8 11. Re1 a5 12. Qc2 a4 13. Bf4 Nfd7 14. Ndb5 Ne5 15.
Rad1 f5 16. Nd4 Ne6 17. Nxe6 Bxe6 18. b3 axb3 19. axb3 c6 20. Be3 Qa5 21. Bd2
Qb6 22. Na4 Qa6 23. Nc3 Qb6 24. Bc1 Qb4 25. Re3 Nd7 26. Bd2 Qb6 27. Na4 Qa7 28.
Bc3 Bh6 29. Ree1 b5 30. Nb2 Qa3 31. Kh2 Nc5 32. Ra1 Qxb3 33. Qxb3 Nxb3 34. Rxa8
Rxa8 35. exf5 Bxc4 36. Nxc4 bxc4 37. Bxc6 Rc8 38. Bd7 Rc7 39. Re7 Rc5 40. f6
Bd2 41. Be6+ Kf8 42. Rg7 1-0

[Event "Olomouc 2005, IM C - Agentura 64 Cup"]
[Site "?"]
[Date "2005.??.??"]
[Round "2.2"]
[White "Abdul, Majeed Mohamad"]
[Black "Nadig, Kruttika"]
[Result "0-1"]
[WhiteElo "2318"]
[BlackElo "2198"]
[PlyCount "70"]
[EventDate "2005.08.03"]

1. e4 e5 2. Nf3 Nc6 3. Be2 Nf6 4. d3 d5 5. Nbd2 Be7 6. O-O O-O 7. Re1 h6 8. c3
Be6 9. b4 a6 10. a3 b5 11. Qc2 dxe4 12. dxe4 Qb8 13. Bb2 Rd8 14. c4 bxc4 15.
Nxe5 Nxe5 16. Bxe5 a5 17. bxa5 Rxa5 18. Bc3 Rxa3 19. Rxa3 Bxa3 20. Nxc4 Be7 21.
Rb1 Qa8 22. Nd2 Qc6 23. Rc1 Ba3 24. Bxf6 Qxc2 25. Rxc2 gxf6 26. f4 f5 27. e5
Bb4 28. Nf3 c5 29. Kf2 Bb3 30. Rc1 Ra8 31. Nh4 Be6 32. Rc2 Ra1 33. Ke3 Bb3 34.
Rb2 Ra3 35. Nxf5 Bc2+ 0-1

[Event "Olomouc 2005, IM C - Agentura 64 Cup"]
[Site "?"]
[Date "2005.??.??"]
[Round "2.3"]
[White "Jasny, Stanislav"]
[Black "Pitl, Gregory"]
[Result "0-1"]
[WhiteElo "2341"]
[BlackElo "2332"]
[PlyCount "180"]
[EventDate "2005.08.03"]

1. e4 e5 2. Nf3 Nf6 3. Nc3 Nc6 4. Bb5 Bd6 5. O-O O-O 6. d4 exd4 7. Nxd4 Be5 8.
Nde2 Re8 9. f3 h6 10. Bf4 Qe7 11. Bxc6 bxc6 12. Bxe5 Qxe5 13. Qd4 Qa5 14. Rfd1
d6 15. b3 Qg5 16. Qd2 Qc5+ 17. Qd4 Qg5 18. Qd2 Qc5+ 19. Kh1 Bd7 20. Na4 Qe5 21.
c4 h5 22. Qf4 g5 23. Qxe5 Rxe5 24. h4 gxh4 25. Nf4 Kh7 26. Kg1 Rg8 27. Kf2 Reg5
28. Nc3 Be6 29. Rh1 h3 30. gxh3 h4 31. Rhg1 Nh5 32. Nxe6 fxe6 33. Rg4 Rxg4 34.
hxg4 Nf4 35. Rh1 Ng6 36. g5 Kg7 37. Nd1 Rh8 38. Ne3 Rh5 39. Ng2 Rxg5 40. Nxh4
Nxh4 41. Rxh4 Ra5 42. a4 Ra6 43. f4 Rb6 44. Rh3 Kg6 45. Rg3+ Kf6 46. Rc3 Rb8
47. Rh3 Kg6 48. Ke2 a6 49. Kd2 c5 50. a5 Rf8 51. Ke3 Rb8 52. Kd2 Rf8 53. Rh4
Rb8 54. Kc2 Kg7 55. Rh5 Kg6 56. Rg5+ Kf7 57. Rh5 Kg6 58. Rh4 Kg7 59. Kc3 Kg6
60. Rh1 Rf8 61. Rg1+ Kf6 62. Rh1 Kg6 63. Rh4 Rb8 64. Rh2 Rf8 65. Rg2+ Kf6 66.
Rh2 Kg6 67. Rg2+ Kf6 68. Re2 Rh8 69. e5+ Kf5 70. exd6 cxd6 71. Rd2 Rd8 72. Re2
Rh8 73. Rd2 Rd8 74. Re2 d5 75. Re5+ Kxf4 76. Rxe6 d4+ 77. Kd3 Rb8 78. Rb6 Rh8
79. Rf6+ Ke5 80. Rc6 Rh3+ 81. Kc2 Rh2+ 82. Kb1 d3 83. Rxc5+ Kd4 84. Rd5+ Kc3
85. c5 Rh6 86. b4 d2 87. Ka2 Kc2 88. Ka3 Rh3+ 89. Ka4 Rd3 90. c6 d1=Q 0-1

[Event "Olomouc 2005, IM C - Agentura 64 Cup"]
[Site "?"]
[Date "2005.??.??"]
[Round "2.4"]
[White "Groetz, Harald"]
[Black "Krzesaj, Robert"]
[Result "0-1"]
[WhiteElo "2303"]
[BlackElo "2263"]
[PlyCount "104"]
[EventDate "2005.08.03"]

1. e4 d5 2. exd5 Qxd5 3. Nc3 Qa5 4. d4 c6 5. Nf3 Bf5 6. Bc4 e6 7. Bd2 Nd7 8.
Qe2 Bb4 9. O-O-O Ne7 10. Ne4 Bxe4 11. Qxe4 Bxd2+ 12. Rxd2 O-O-O 13. Bb3 Nf6 14.
Qe2 Qc7 15. Ne5 Ng6 16. Nxf7 Nf4 17. Qf3 Qxf7 18. Qxf4 Qd7 19. Re1 Nd5 20. Qg4
Rde8 21. Re5 Rhf8 22. g3 Nc7 23. c3 Rf6 24. f4 Rg6 25. Qe2 Rf6 26. Qe1 Rf5 27.
Rde2 Rxe5 28. Rxe5 Kd8 29. Qe4 g6 30. h4 Qf7 31. Bd1 Nd5 32. h5 Nf6 33. hxg6
hxg6 34. Qe1 Kd7 35. Bb3 Ng4 36. Rg5 Nh6 37. Qe5 Qh7 38. Qf6 Nf5 39. Qxg6 Qh1+
40. Bd1 Qe1 41. Qh7+ Re7 42. Qh2 Ne3 43. Qe2 Qg1 44. Re5 Nxd1 45. Qxd1 Qxg3 46.
Qd2 Rh7 47. Re2 Rh1+ 48. Kc2 Qg4 49. b3 Qf5+ 50. Qd3 Rc1+ 51. Kd2 Rd1+ 52. Kxd1
Qxd3+ 0-1

[Event "Olomouc 2005, IM C - Agentura 64 Cup"]
[Site "?"]
[Date "2005.??.??"]
[Round "2.5"]
[White "Jurcik, Marian"]
[Black "Chytilek, Roman"]
[Result "0-1"]
[WhiteElo "2342"]
[BlackElo "2415"]
[PlyCount "60"]
[EventDate "2005.08.03"]

1. e4 e6 2. d4 d5 3. Nc3 Bb4 4. e5 c5 5. Bd2 Ne7 6. Nb5 Bxd2+ 7. Qxd2 O-O 8.
dxc5 Nd7 9. Qc3 f6 10. exf6 Nxf6 11. Bd3 Bd7 12. Nd4 e5 13. Nb3 Qc7 14. f3 a5
15. a4 Be6 16. Bb5 Kh8 17. Qd3 d4 18. Bc4 Bf5 19. Qe2 Ned5 20. Bd3 Nf4 21. Qd2
e4 22. fxe4 Nxe4 23. Bxe4 Bxe4 24. O-O-O d3 25. cxd3 Nxd3+ 26. Qxd3 Bxd3 27.
Rxd3 Rf1+ 28. Rd1 Rxd1+ 29. Kxd1 Qd7+ 30. Kc2 Qf5+ 0-1

[Event "Olomouc 2005, IM C - Agentura 64 Cup"]
[Site "?"]
[Date "2005.??.??"]
[Round "2.6"]
[White "Sluka, Radek"]
[Black "Aliev, Kerim"]
[Result "1/2-1/2"]
[WhiteElo "2329"]
[BlackElo "2325"]
[PlyCount "42"]
[EventDate "2005.08.03"]

1. e4 e5 2. Nf3 Nf6 3. Nc3 Nc6 4. d4 exd4 5. Nxd4 Bb4 6. Nxc6 bxc6 7. Bd3 d5 8.
exd5 cxd5 9. Qe2+ Qe7 10. O-O Qxe2 11. Nxe2 O-O 12. Bf4 Ba5 13. c3 Re8 14. Nd4
c5 15. Nb5 Ba6 16. a4 c4 17. Bc2 Bxb5 18. axb5 Bb6 19. Bd1 Rad8 20. Bf3 h6 21.
Rfe1 g5 1/2-1/2

[Event "Olomouc 2005, IM C - Agentura 64 Cup"]
[Site "?"]
[Date "2005.??.??"]
[Round "3.1"]
[White "Aliev, Kerim"]
[Black "Tibensky, Robert"]
[Result "1/2-1/2"]
[WhiteElo "2325"]
[BlackElo "2444"]
[PlyCount "38"]
[EventDate "2005.08.03"]

1. d4 Nf6 2. c4 c5 3. e3 g6 4. Nf3 Bg7 5. Nc3 O-O 6. Be2 d5 7. dxc5 Qa5 8. O-O
dxc4 9. Bxc4 Qxc5 10. Qd4 Qh5 11. Qe5 Bf5 12. Qxe7 Nc6 13. Qxb7 Na5 14. Qb5
Nxc4 15. Qxc4 Ng4 16. h3 Ne5 17. Nxe5 Bxe5 18. Qe2 Qh4 19. e4 Bxh3 1/2-1/2

[Event "Olomouc 2005, IM C - Agentura 64 Cup"]
[Site "?"]
[Date "2005.??.??"]
[Round "3.2"]
[White "Chytilek, Roman"]
[Black "Sluka, Radek"]
[Result "1-0"]
[WhiteElo "2415"]
[BlackElo "2329"]
[PlyCount "49"]
[EventDate "2005.08.03"]

1. d4 f5 2. c4 Nf6 3. Nc3 g6 4. g3 Bg7 5. Bg2 O-O 6. Nh3 d6 7. d5 c6 8. O-O Bd7
9. c5 dxc5 10. Qb3 Kh8 11. Qxb7 Qb6 12. Qxa8 Na6 13. Na4 Qc7 14. Bf4 Rxa8 15.
Bxc7 cxd5 16. Nxc5 Nxc7 17. Nxd7 Nxd7 18. Rac1 Be5 19. Ng5 Rf8 20. Rxc7 Bxc7
21. Ne6 Be5 22. Nxf8 Nxf8 23. Bxd5 Bxb2 24. Rb1 Bd4 25. Rb7 1-0

[Event "Olomouc 2005, IM C - Agentura 64 Cup"]
[Site "?"]
[Date "2005.??.??"]
[Round "3.3"]
[White "Krzesaj, Robert"]
[Black "Jurcik, Marian"]
[Result "1-0"]
[WhiteElo "2263"]
[BlackElo "2342"]
[PlyCount "103"]
[EventDate "2005.08.03"]

1. d4 d5 2. c4 dxc4 3. e3 e5 4. Bxc4 exd4 5. exd4 Nf6 6. Nc3 Be7 7. Nf3 O-O 8.
h3 Nbd7 9. O-O Nb6 10. Bd3 Be6 11. Re1 h6 12. Bc2 Nbd5 13. a3 c5 14. Qd3 Nxc3
15. bxc3 c4 16. Qe2 Qa5 17. Bd2 Qh5 18. Qf1 Qd5 19. a4 Bd6 20. Rab1 Bxh3 21.
Ne5 Bd7 22. Nxd7 Nxd7 23. Rb5 Qc6 24. Be4 Qa6 25. Ra1 Rab8 26. Qxc4 Nf6 27. Bf3
b6 28. Bxh6 Qc8 29. Qxc8 Rbxc8 30. Bd2 Rfe8 31. a5 Bc7 32. c4 Ne4 33. Bb4 bxa5
34. Bxe4 axb4 35. Bb7 Rb8 36. c5 a5 37. d5 Re5 38. Rd1 g5 39. Kf1 Rd8 40. d6
Bb8 41. Rxa5 Kf8 42. Rd5 Rxd5 43. Bxd5 Bxd6 44. cxd6 Rxd6 45. Rb5 Kg7 46. Bc4
Kg6 47. Rxb4 f6 48. Ke2 Kf5 49. Ra4 Rd7 50. Bd3+ Ke6 51. Ke3 Re7 52. Re4+ 1-0

[Event "Olomouc 2005, IM C - Agentura 64 Cup"]
[Site "?"]
[Date "2005.??.??"]
[Round "3.5"]
[White "Nadig, Kruttika"]
[Black "Jasny, Stanislav"]
[Result "1/2-1/2"]
[WhiteElo "2198"]
[BlackElo "2341"]
[PlyCount "106"]
[EventDate "2005.08.03"]

1. e4 c5 2. Nf3 d6 3. d4 cxd4 4. Nxd4 Nf6 5. Nc3 a6 6. Bg5 Nbd7 7. Bc4 Qa5 8.
Qd2 e6 9. Bb3 Be7 10. f3 Nc5 11. O-O Nxb3 12. axb3 Qc5 13. Be3 Qc7 14. Ndb5 Qb8
15. Nd4 Bd7 16. b4 O-O 17. Rfd1 Rc8 18. Nb3 Qc7 19. Kh1 Qc4 20. Bf4 e5 21. Bg5
Qxb4 22. Bxf6 Bxf6 23. Qxd6 Qxd6 24. Rxd6 Be6 25. Na5 Rab8 26. Rb6 Rc7 27. Rd1
Kf8 28. h3 Be7 29. Nd5 Rxc2 30. Nxb7 Bxd5 31. exd5 Rc7 32. d6 Rcxb7 33. dxe7+
Kxe7 34. Rxa6 Rxb2 35. Ra7+ R8b7 36. Rda1 Rxa7 37. Rxa7+ Ke6 38. Kh2 g5 39.
Ra6+ Kf5 40. Rh6 f6 41. Rxh7 Kf4 42. Rf7 Rb6 43. Rf8 Ra6 44. Rf7 Ke3 45. Kg3
Ke2 46. h4 gxh4+ 47. Kxh4 Kf2 48. g4 Kg2 49. g5 Ra4+ 50. Kh5 fxg5 51. Kxg5 Kg3
52. Rf5 Rf4 53. Rxe5 Rxf3 1/2-1/2

[Event "Olomouc 2005, IM C - Agentura 64 Cup"]
[Site "?"]
[Date "2005.??.??"]
[Round "3.6"]
[White "Rojicek, Vojtech"]
[Black "Abdul, Majeed Mohamad"]
[Result "1/2-1/2"]
[WhiteElo "2153"]
[BlackElo "2318"]
[PlyCount "65"]
[EventDate "2005.08.03"]

1. e4 e6 2. d4 d5 3. Nd2 c5 4. exd5 exd5 5. Ngf3 Nf6 6. Bb5+ Bd7 7. Bxd7+ Nbxd7
8. O-O Be7 9. dxc5 Nxc5 10. Nd4 Qd7 11. N2f3 O-O 12. Ne5 Qc8 13. Re1 Re8 14.
Bf4 Nce4 15. f3 Nd6 16. Nd3 Nf5 17. Be5 Bd8 18. Nxf5 Qxf5 19. Bd4 Bc7 20. Qd2
Qh5 21. g4 Nxg4 22. Qg2 Bxh2+ 23. Kf1 Ne5 24. Rxe5 Bxe5 25. Nxe5 Qh4 26. Rd1
Re6 27. Bc3 Rae8 28. Rd4 Qf6 29. Nd3 Qe7 30. Qxg7+ Kxg7 31. Rg4+ Kf8 32. Bg7+
Kg8 33. Bf6+ 1/2-1/2

[Event "Olomouc 2005, IM C - Agentura 64 Cup"]
[Site "?"]
[Date "2005.??.??"]
[Round "4.2"]
[White "Jasny, Stanislav"]
[Black "Rojicek, Vojtech"]
[Result "1/2-1/2"]
[WhiteElo "2341"]
[BlackElo "2153"]
[PlyCount "27"]
[EventDate "2005.08.03"]

1. e4 c5 2. Nf3 d6 3. d4 cxd4 4. Nxd4 Nf6 5. Nc3 a6 6. Bg5 e6 7. f4 Be7 8. Qf3
O-O 9. O-O-O Nbd7 10. g4 Qc7 11. Bxf6 Bxf6 12. g5 Be7 13. f5 Bxg5+ 14. Kb1
1/2-1/2

[Event "Olomouc 2005, IM C - Agentura 64 Cup"]
[Site "?"]
[Date "2005.??.??"]
[Round "4.3"]
[White "Groetz, Harald"]
[Black "Nadig, Kruttika"]
[Result "1/2-1/2"]
[WhiteElo "2303"]
[BlackElo "2198"]
[PlyCount "321"]
[EventDate "2005.08.03"]

1. e4 c5 2. Nf3 Nc6 3. d4 cxd4 4. Nxd4 Nf6 5. Nc3 e5 6. Ndb5 d6 7. Bg5 a6 8.
Na3 b5 9. Nd5 Be7 10. Bxf6 Bxf6 11. c3 Bg5 12. Nc2 O-O 13. a4 bxa4 14. Rxa4 a5
15. Bc4 Rb8 16. b3 Kh8 17. O-O f5 18. exf5 Bxf5 19. Nce3 Bg6 20. Qg4 e4 21. h4
Bxe3 22. Nxe3 Ne5 23. Qg5 Qb6 24. Nd5 Qc5 25. Qe3 Nd3 26. Ra2 Rfe8 27. Rfa1
Qxe3 28. Nxe3 Nc5 29. h5 Bxh5 30. Rxa5 Bg6 31. b4 Nd3 32. Rd5 Rec8 33. Rxd6 Ne5
34. Rad1 Nxc4 35. Nxc4 Kg8 36. Ne5 Be8 37. R6d4 e3 38. Rc1 e2 39. Re4 Bb5 40.
c4 Ba6 41. c5 Bb5 42. c6 Rb6 43. f4 Rd8 44. Re1 Rc8 45. Kf2 Bxc6 46. Nxc6 Rcxc6
47. R1xe2 Rc3 48. Rb2 Kf7 49. b5 Kf6 50. Re5 h6 51. g4 Rh3 52. Kg2 Rc3 53. g5+
hxg5 54. Rxg5 g6 55. Re5 Rc1 56. Rb4 Rc3 57. Kf2 Kf7 58. Ke2 Kf6 59. Kd2 Rf3
60. Rc5 Rf2+ 61. Ke3 Rf1 62. Ke2 Ra1 63. Kd2 Ra5 64. Kd3 Ke6 65. Rg5 Kd7 66.
Kc4 Ra1 67. Kc5 Kc7 68. Re5 Rc1+ 69. Kd4 Rd6+ 70. Ke3 Rc3+ 71. Ke2 Rc2+ 72. Ke3
Rc3+ 73. Ke4 Rdd3 74. Rc5+ Rxc5 75. Kxd3 Kb6 76. Ke4 Rh5 77. Rb1 Rh6 78. Kf3
Rh3+ 79. Kg4 Rh2 80. Kg5 Rg2+ 81. Kf6 Rf2 82. Rb4 Rg2 83. Ke5 Re2+ 84. Re4 Rg2
85. Rb4 Re2+ 86. Kf6 Rg2 87. Rb3 Rf2 88. Ke5 Re2+ 89. Kd4 Rf2 90. Ke4 Rg2 91.
Rb1 Rg3 92. Rb2 Rg1 93. Kf3 Rf1+ 94. Ke3 Rg1 95. Kd4 Rf1 96. Ke4 Rg1 97. Rb3
Re1+ 98. Kf3 Rf1+ 99. Kg4 Rf2 100. Rg3 Kxb5 101. Kg5 Kc6 102. Rg4 Kd6 103. Kxg6
Ke6 104. Kg5 Kf7 105. Rg1 Ra2 106. Rb1 Ra6 107. Rb7+ Kf8 108. Rb5 Kf7 109. Rc5
Rb6 110. Rc7+ Kf8 111. Ra7 Rc6 112. f5 Rb6 113. Rh7 Kg8 114. Re7 Kf8 115. Ra7
Rc6 116. Ra1 Kf7 117. Rh1 Kg7 118. Ra1 Kf7 119. Ra7+ Kf8 120. Kf4 Rb6 121. Ra5
Rb4+ 122. Ke5 Rb6 123. Ra8+ Kf7 124. Ra7+ Kf8 125. Ra5 Kf7 126. Rd5 Ra6 127.
Rd7+ Kf8 128. Rh7 Rb6 129. Ra7 Rc6 130. Kd5 Rf6 131. Ra8+ Kf7 132. Ke5 Rb6 133.
Ra5 Rc6 134. Kd5 Rb6 135. Ke5 Rc6 136. Ra7+ Kf8 137. Ra4 Kf7 138. Rd4 Rc5+ 139.
Kf4 Rc6 140. Kg5 Ra6 141. Rh4 Rb6 142. Ra4 Rc6 143. Ra5 Kg7 144. Ra7+ Kf8 145.
Ra4 Kf7 146. Re4 Ra6 147. Re5 Rb6 148. Ra5 Kg7 149. Rc5 Ra6 150. Rc7+ Kf8 151.
Rb7 Rc6 152. f6 Rc1 153. Rb8+ Kf7 154. Rb7+ Kf8 155. Re7 Rg1+ 156. Kf5 Rf1+
157. Ke6 Re1+ 158. Kd7 Rd1+ 159. Kc8 Rf1 160. Re6 Kf7 161. Ra6 1/2-1/2

[Event "Olomouc 2005, IM C - Agentura 64 Cup"]
[Site "?"]
[Date "2005.??.??"]
[Round "4.4"]
[White "Jurcik, Marian"]
[Black "Pitl, Gregory"]
[Result "1/2-1/2"]
[WhiteElo "2342"]
[BlackElo "2332"]
[PlyCount "41"]
[EventDate "2005.08.03"]

1. e4 e5 2. Nf3 Nf6 3. Nxe5 d6 4. Nf3 Nxe4 5. d4 d5 6. Bd3 Nc6 7. O-O Be7 8.
Nbd2 Bf5 9. Qe2 Nxd2 10. Bxd2 Bxd3 11. Qxd3 Qd7 12. Rfe1 O-O 13. Bf4 Rfe8 14.
c3 a6 15. Re3 Bf6 16. Rae1 Rxe3 17. Rxe3 h6 18. h3 Rf8 19. Nh2 Kh8 20. Ng4 Bd8
21. Re2 1/2-1/2

[Event "Olomouc 2005, IM C - Agentura 64 Cup"]
[Site "?"]
[Date "2005.??.??"]
[Round "4.5"]
[White "Sluka, Radek"]
[Black "Krzesaj, Robert"]
[Result "0-1"]
[WhiteElo "2329"]
[BlackElo "2263"]
[PlyCount "118"]
[EventDate "2005.08.03"]

1. e4 d5 2. exd5 Qxd5 3. Nc3 Qa5 4. Bc4 c6 5. Nf3 Bf5 6. O-O e6 7. d3 Nf6 8. h3
Nbd7 9. Qe2 Be7 10. Bf4 h6 11. Nd4 Bh7 12. Rfe1 Nc5 13. Bxe6 fxe6 14. Nxe6 Kf7
15. Nxg7 Nce4 16. dxe4 Kxg7 17. e5 Nd5 18. Qg4+ Bg6 19. Nxd5 cxd5 20. Re3 Qb6
21. Rg3 h5 22. Qd7 Rhe8 23. Qxd5 Rad8 24. Qb3 Bc5 25. Qxb6 Bxb6 26. c3 Rd5 27.
Re1 Bc7 28. Rg5 Re6 29. h4 Bd8 30. Rg3 Bxh4 31. Rh3 Bd8 32. Be3 Rexe5 33. Bd4
Rxd4 34. Rxe5 Rd1+ 35. Kh2 Bc7 36. f4 Bxe5 37. fxe5 Re1 38. Rh4 Rxe5 39. Rd4
Be4 40. Kg3 Bc6 41. Rd2 Kg6 42. Kf2 h4 43. Rd4 Kg5 44. Rd8 Rf5+ 45. Ke3 Re5+
46. Kf2 Kf4 47. Rh8 Kg4 48. Rh7 Rf5+ 49. Kg1 Rd5 50. Rg7+ Kf4 51. Rh7 Rd1+ 52.
Kh2 Rd2 53. Rxh4+ Kg5 54. Rb4 Rxg2+ 55. Kh3 Kf5 56. a4 a5 57. Rb6 Rg6 58. Kh4
Rg4+ 59. Kh3 Rxa4 0-1

[Event "Olomouc 2005, IM C - Agentura 64 Cup"]
[Site "?"]
[Date "2005.??.??"]
[Round "4.6"]
[White "Aliev, Kerim"]
[Black "Chytilek, Roman"]
[Result "1-0"]
[WhiteElo "2325"]
[BlackElo "2415"]
[PlyCount "73"]
[EventDate "2005.08.03"]

1. d4 Nf6 2. c4 c5 3. d5 b5 4. cxb5 a6 5. bxa6 g6 6. Nc3 Bxa6 7. e3 Bxf1 8.
Kxf1 d6 9. Nge2 Bg7 10. g3 Nbd7 11. Kg2 Nb6 12. Rb1 O-O 13. b3 Qc8 14. e4 Qa6
15. Bg5 Rfe8 16. Qd2 Ng4 17. h4 h5 18. Bf4 Nd7 19. a4 Qb7 20. Nb5 f5 21. f3
Ngf6 22. exf5 Nxd5 23. fxg6 Rf8 24. Rhf1 N7f6 25. Nbc3 e5 26. Bg5 e4 27. fxe4
Nxc3 28. Nxc3 Nxe4 29. Qd5+ Qxd5 30. Nxd5 Be5 31. Bf4 Rab8 32. Bxe5 dxe5 33.
Rxf8+ Kxf8 34. Re1 Nd2 35. Rxe5 Rxb3 36. Rf5+ Kg7 37. Ne7 1-0

[Event "Olomouc 2005, IM C - Agentura 64 Cup"]
[Site "?"]
[Date "2005.??.??"]
[Round "5.2"]
[White "Krzesaj, Robert"]
[Black "Aliev, Kerim"]
[Result "1-0"]
[WhiteElo "2263"]
[BlackElo "2325"]
[PlyCount "120"]
[EventDate "2005.08.03"]

1. d4 d5 2. c4 c6 3. cxd5 cxd5 4. Nc3 Nc6 5. Bf4 Nf6 6. e3 e6 7. Bd3 Bd6 8.
Bxd6 Qxd6 9. f4 a6 10. Nf3 Ng4 11. Qe2 f5 12. O-O O-O 13. Ne5 Ngxe5 14. fxe5
Qe7 15. a3 Bd7 16. b4 Rac8 17. Rac1 Na7 18. Qb2 Bb5 19. Nxb5 axb5 20. Rc5 b6
21. Rxc8 Rxc8 22. Rc1 Qd7 23. Rxc8+ Qxc8 24. Qc2 Qd8 25. g3 h6 26. Kf2 Kf7 27.
Ke2 g6 28. Kd2 Qd7 29. Qd1 Qe7 30. Qf1 Qe8 31. g4 Ke7 32. Qh3 Qf8 33. gxf5 gxf5
34. Qh4+ Kd7 35. Qg3 Qf7 36. Be2 Ke7 37. Qh4+ Kd7 38. Bh5 Qg7 39. Qg3 Qg5 40.
Be2 Ke7 41. Ke1 Kf7 42. Kf2 Kg6 43. Qg1 Qxg1+ 44. Kxg1 Kg5 45. Kf2 Kh4 46. Kg2
Kg5 47. Kg3 Kg6 48. Kh4 Kg7 49. Bh5 Kf8 50. Bg6 Kg7 51. Kh5 f4 52. exf4 Nc6 53.
Bd3 Nxd4 54. h3 Nf5 55. Bxb5 Ne3 56. a4 d4 57. a5 bxa5 58. bxa5 Nd5 59. Kg4 Nb4
60. a6 d3 1-0

[Event "Olomouc 2005, IM C - Agentura 64 Cup"]
[Site "?"]
[Date "2005.??.??"]
[Round "5.4"]
[White "Nadig, Kruttika"]
[Black "Jurcik, Marian"]
[Result "1/2-1/2"]
[WhiteElo "2198"]
[BlackElo "2342"]
[PlyCount "50"]
[EventDate "2005.08.03"]

1. e4 c5 2. Nf3 Nc6 3. d4 cxd4 4. Nxd4 g6 5. Nc3 Bg7 6. Be3 Nf6 7. Bc4 O-O 8.
Bb3 Ng4 9. Qxg4 Nxd4 10. Qh4 Qa5 11. O-O Bf6 12. Qh6 Bg7 13. Qh4 Bf6 14. Qh6
Bg7 15. Qg5 Nxb3 16. axb3 Qxg5 17. Bxg5 Bxc3 18. bxc3 f6 19. Be3 a6 20. c4 d6
21. c5 dxc5 22. Bxc5 Kf7 23. c4 Bd7 24. Bb6 Bc6 25. Rfe1 e5 1/2-1/2

[Event "Olomouc 2005, IM C - Agentura 64 Cup"]
[Site "?"]
[Date "2005.??.??"]
[Round "5.5"]
[White "Rojicek, Vojtech"]
[Black "Groetz, Harald"]
[Result "1-0"]
[WhiteElo "2153"]
[BlackElo "2303"]
[PlyCount "81"]
[EventDate "2005.08.03"]

1. e4 c5 2. Nf3 d6 3. d4 cxd4 4. Nxd4 Nf6 5. Nc3 Nc6 6. Bc4 e6 7. Be3 a6 8. Qe2
Qc7 9. O-O-O Na5 10. Bd3 b5 11. a3 Rb8 12. g4 Nd7 13. f4 Nc5 14. Rhe1 Be7 15.
g5 Nxd3+ 16. Rxd3 Nc4 17. Qh5 g6 18. Qh6 Bf8 19. Qh4 Bg7 20. f5 Be5 21. Nf3
Nxb2 22. Kxb2 b4 23. Nxe5 bxc3+ 24. Ka1 dxe5 25. Red1 O-O 26. fxg6 fxg6 27. Qe1
Qc4 28. Qxc3 Qxe4 29. Rd8 Bb7 30. Rxb8 Rxb8 31. Qc7 Rc8 32. Rd8+ Rxd8 33. Qxd8+
Kg7 34. Qf6+ Kg8 35. Qxe6+ Kg7 36. Qe7+ Kg8 37. Bc5 Qf3 38. Qe8+ Kg7 39. Qxe5+
Kf7 40. Qe7+ Kg8 41. Qe8+ 1-0

[Event "Olomouc 2005, IM C - Agentura 64 Cup"]
[Site "?"]
[Date "2005.??.??"]
[Round "5.6"]
[White "Abdul, Majeed Mohamad"]
[Black "Jasny, Stanislav"]
[Result "0-1"]
[WhiteElo "2318"]
[BlackElo "2341"]
[PlyCount "124"]
[EventDate "2005.08.03"]

1. e4 c5 2. Nf3 d6 3. d4 cxd4 4. Qxd4 a6 5. c4 Nc6 6. Qd2 g6 7. Nc3 Bg7 8. b3
Nf6 9. Bb2 O-O 10. Be2 Qa5 11. Rb1 Rb8 12. a3 Bg4 13. O-O Rfc8 14. Rfe1 Nd7 15.
Nd5 Qxd2 16. Nxd2 Bxe2 17. Rxe2 e6 18. Bxg7 Kxg7 19. Ne3 b5 20. Nc2 Na5 21. Ne3
bxc4 22. b4 c3 23. bxa5 cxd2 24. Rd1 Rb5 25. Rexd2 Rxa5 26. Rxd6 Nf6 27. R6d4
e5 28. Rc4 Rxc4 29. Nxc4 Rc5 30. Nd6 Rc3 31. f3 Nh5 32. a4 Nf4 33. Rd2 Nd3 34.
Kf1 Ra3 35. a5 Ra1+ 36. Ke2 Nf4+ 37. Kf2 Rxa5 38. g3 Ne6 39. Rb2 Nc5 40. Rb6
Ra2+ 41. Kg1 a5 42. Rc6 Ne6 43. Ra6 Ng5 44. f4 exf4 45. gxf4 Nh3+ 46. Kf1 Rxh2
47. f5 Ra2 48. Ne8+ Kh6 49. Nd6 Ng5 50. e5 Ra4 51. f6 Kh5 52. Ra7 Kg4 53. Nxf7
Nxf7 54. Rxf7 Kf3 55. Ke1 Re4+ 56. Kd2 Rxe5 57. Rxh7 Rf5 58. f7 Kg4 59. Rh6 g5
60. Ra6 Rxf7 61. Rxa5 Re7 62. Ra3 Kh4 0-1

[Event "Olomouc 2005, IM C - Agentura 64 Cup"]
[Site "?"]
[Date "2005.??.??"]
[Round "6.1"]
[White "Tibensky, Robert"]
[Black "Jasny, Stanislav"]
[Result "1-0"]
[WhiteElo "2444"]
[BlackElo "2341"]
[PlyCount "55"]
[EventDate "2005.08.03"]

1. d4 Nf6 2. Nf3 g6 3. c4 Bg7 4. g3 O-O 5. Bg2 d6 6. O-O Nc6 7. d5 Na5 8. Qa4
b6 9. Nbd2 Bd7 10. Qc2 c6 11. b4 Nxd5 12. Rb1 Nc3 13. bxa5 Nxb1 14. Qxb1 Qc7
15. h4 bxa5 16. h5 Rab8 17. Qd3 Bc8 18. hxg6 hxg6 19. Ng5 Ba6 20. Qe4 d5 21.
Qh4 Rfd8 22. Ndf3 e5 23. Ba3 c5 24. Qh7+ Kf8 25. Nh4 Bxc4 26. Nxg6+ Ke8 27.
Qxg7 d4 28. Qxe5+ 1-0

[Event "Olomouc 2005, IM C - Agentura 64 Cup"]
[Site "?"]
[Date "2005.??.??"]
[Round "6.2"]
[White "Groetz, Harald"]
[Black "Abdul, Majeed Mohamad"]
[Result "1/2-1/2"]
[WhiteElo "2303"]
[BlackElo "2318"]
[PlyCount "88"]
[EventDate "2005.08.03"]

1. e4 e6 2. d4 d5 3. Nd2 c5 4. exd5 exd5 5. Ngf3 Nf6 6. Bb5+ Bd7 7. Bxd7+ Nbxd7
8. O-O Be7 9. dxc5 Nxc5 10. Re1 O-O 11. Nf1 Nce4 12. Be3 a5 13. Bd4 a4 14. b3
Qa5 15. Ne3 Rad8 16. Nf5 Bc5 17. Re2 Rfe8 18. Qd3 Re6 19. c3 g6 20. Nh6+ Kf8
21. Ng5 Nxg5 22. Rxe6 Nxe6 23. Bxf6 Rd7 24. Ng4 Be7 25. Qd2 Qd8 26. Qh6+ Kg8
27. Qh4 Bxf6 28. Qxf6 h5 29. Qxd8+ Rxd8 30. Ne3 d4 31. cxd4 Rxd4 32. Rd1 Re4
33. Rd7 b5 34. Rb7 Re5 35. h4 Nf4 36. Rd7 Re4 37. g3 Ne2+ 38. Kg2 Nc1 39. Rb7
Re5 40. Rd7 Kg7 41. Rd8 Re4 42. Rb8 Re5 43. Rd8 Re4 44. Rb8 Re5 1/2-1/2